| 000 | 01181nam a2200253Ia 4500 | ||
|---|---|---|---|
| 999 |
_c48271 _d48271 |
||
| 001 | 15156 | ||
| 003 | GE_BSU | ||
| 005 | 20211207142803.0 | ||
| 008 | 181216s2015||||ge |||||||||||||| ||geo|| | ||
| 020 | _a9789941434990 | ||
| 040 | _cGE_BSU | ||
| 041 | _ageo | ||
| 080 | _a336.2+336.221 ვ-39 | ||
| 100 |
_aვერულიძე, ვაჟა _92959 |
||
| 245 |
_aგადასახადები და საგადასახადო დაბეგვრა: Taxes AND Taxatin _bსახელმძღვ. / _cვაჟა ვერულიძე ; რედ. მურმან ცარციძე . |
||
| 250 | _aმე -3 გამოცემა | ||
| 264 |
_aბათუმი : _bბათუმის შოთა რუსთაველის სახელმწ. უნ-ტი, _c2015. |
||
| 300 |
_a447 გვ .: _bცხრ; _c20 სმ. |
||
| 504 | _aბიბლიოგრ.: გვ. 446-447. | ||
| 653 | _aგადასახადები | ||
| 653 | _aსაგადასახადო დაბეგვრა | ||
| 700 |
_aცარციძე, მურმან _eრედაქტორი _913197 |
||
| 942 |
_cBK _2udc |
||